Logos de los países de la Copa Mundial 2026 - Estadísticas

Estadísticas generales
  • Esta prueba ha sido intentada 110 veces
  • La puntuación promedio es 35 de 42
Estadísticas de respuestas
Imagen Respuesta % Correcto
España
100%
Brasil
98%
Inglaterra
98%
Argentina
97%
Francia
97%
Bélgica
96%
Noruega
96%
Colombia
95%
Estados Unidos
95%
Canadá
94%
Croacia
94%
Países Bajos
94%
Catar
93%
Portugal
93%
Uruguay
93%
Alemania
92%
Austria
92%
Irán
92%
Panamá
89%
Ecuador
88%
Marruecos
88%
México
88%
Australia
86%
Túnez
86%
Senegal
85%
Costa de Marfil
83%
Ghana
81%
Argelia
80%
Japón
80%
Nueva Zelanda
80%
Corea del Sur
79%
Paraguay
79%
Jordania
75%
Egipto
74%
Escocia
74%
Arabia Saudita
69%
Suiza
65%
Haití
61%
Cabo Verde
57%
Curazao
51%
Uzbekistán
44%
Sudáfrica
35%
No se encontraron pruebas coincidentes
Distribución de puntuación
Porcentaje de gente con cada puntuación
Porcentaje por número respondido
Historial de tus puntuaciones
No has intentado esta prueba.